000 00839nam a2200265 a 4500
001 34625
003 BD-RjUL
005 20211209052204.0
008 140518s1985 ii ab b 001 0 eng d
035 _a(BD-RjUL)34719
040 _aDLC
_cDLC
_dBD-RjUL
_beng
041 _aeng
082 0 0 _a307.76095487
_219
_bRAS 1985
100 2 _aNageswara Rao, M.
_9105334
245 1 0 _aStudies in urban public sector /
_cM. Nageswara Rao.
260 _aNew Delhi :
_bAshish,
_c1985.
300 _axvi, 236 p. :
_bill., maps ;
_c23 cm.
504 _aIncludes bibliographical references and index.
650 0 _aUrban policy
_zIndia
_zKarnataka.
_9105335
650 0 _aMunicipal government
_zIndia
_zKarnataka.
_9105336
650 0 _aUrbanization
_zIndia
_zKarnataka.
_9105337
942 _2ddc
_cBK
999 _c34625
_d34625